01008nam a2200253 a 4500001001000000003000900010005001700019008004100036040002500077082002900102110012700131245007000258260004200328300003000370490001600400590002600416650003200442650003800474650006100512830002300573942001400596952012700610999001700737000047754DO-SdBNP20250711124154.0100903s2001 dr b 000 0 spa d aDO-SdBNPbspacBNPHU a379.7293697bR426s, 20011 aRepública Dominicana.bSecretaría de Estado de Educación, Bellas Artes y Cultos.bPlan Decenal de Educación93747010aSíntesis del plan decenal de educación de la regional de Mao  aSanto Domingo :bDe Colores,c[2001]. a690 p. :bmapa. ;c26 cm.1 aRegionalv4 aInventariado, 2018/YL 4aEducación y estado951256 0aPlanificación educativa 917484 4aEducaciónz(República Dominicana, Mao {Rpara}975357 0aRegionalv4944463 2ddccLBS1 0010718PDaPDbPDcCTd2018-07-31iLF1l0o379.7293697 R426s, 2001p47754-10r2020-06-25w2020-06-25yLFPDZNo se presta c47242d47242